000 00640nam a22002417a 4500
003 UA-OsUOA
001 24805
007 ta
008 20040302b un ||||| |||| 00| 0 ukr d
090 _a342.4(091)(477)
_bІ90
942 _cBK
040 _aUA-OsUOA
_bukr
_cUA-OsUOA
_dUA-OsUOA
245 _aІсторія української Конституції
_cУпоряд. А.Г.Слюсаренко М.В.Томенко
300 _a464 с.
955 _a0
041 _aukr
080 _a342.4(091)(477)
020 _a966-546-004-8
260 _aКиїв
_bПраво
_c1997
044 _aUA
650 7 _2UDC
999 _c311089
_d311089